00497 2200181 4500001002100000005001700021006001900038008004100057020002200098035002500120041000700145082001100152090001700163100004100180245003000221260004000251300002400291INLIS00000000000606820140312155433.0a ||| | 180719| ||| | id  a978-979-3785-59-2 a0010-031300000006068 aid0 a297.14 a297.14 ALJ t0 aSyekh Abdul Aziz bin Nashir Al-Jalil00aTidakkah Kalian Berpikir? aJakartabCakrawala Publishingc2008 ax ; 522 hlm ; 24 cm